[Event "2nd UNAM Open Section I 2012"]
[Site "Mexico City MEX"]
[Date "2012.11.21"]
[Round "1.7"]
[White "Ibarra Cantu, Raul Alberto"]
[Black "Ortiz Suarez, Isan Reynaldo"]
[Result "0-1"]
[WhiteTitle "FM"]
[BlackTitle "GM"]
[WhiteElo "2072"]
[BlackElo "2595"]
[WhiteFideId "5104645"]
[BlackFideId "3507165"]
[EventDate "2012.11.21"]

1. c4 c5 2. Nc3 g6 3. g3 Bg7 4. Bg2 Nc6 5. Nf3 d6 6. O-O e6 7. d3 Nge7 8. a3 O-O
9. Rb1 b6 10. Bd2 Bb7 11. b4 Qd7 12. b5 Nd4 13. Nxd4 cxd4 14. Bxb7 Qxb7 15. Na2
d5 16. Bb4 dxc4 17. dxc4 Rfc8 18. Bxe7 Qxe7 19. Qb3 a5 20. bxa6 Rxa6 21. Nb4
Raa8 22. Nc2 Qc5 23. e3 e5 24. exd4 exd4 25. Rfd1 Qxc4 26. Qxc4 Rxc4 27. Ne1 Rc6
28. Rd3 Rc3 29. Rxc3 dxc3 30. Nc2 Rd8 31. Kf1 Rd2 32. Rc1 Bh6 33. Ne3 Bxe3 34.
fxe3 c2 35. Ke1 Rxh2 0-1

[Event "2nd UNAM Open Section I 2012"]
[Site "Mexico City MEX"]
[Date "2012.11.21"]
[Round "1.8"]
[White "Cordova, Emilio"]
[Black "Navarrete Garcia, Alan"]
[Result "1-0"]
[WhiteTitle "GM"]
[BlackTitle "CM"]
[WhiteElo "2568"]
[BlackElo "2071"]
[WhiteFideId "3801497"]
[BlackFideId "5107580"]
[EventDate "2012.11.21"]

1. d4 Nf6 2. Nf3 g6 3. c4 Bg7 4. Nc3 c5 5. d5 d6 6. Bf4 Na6 7. h3 Bf5 8. Nd2 Qb6
9. Qc1 Nb4 10. e4 Nxe4 11. Ndxe4 Bxe4 12. Nxe4 Bxb2 13. Qxb2 Nd3+ 14. Bxd3 Qxb2
15. Rb1 Qd4 16. Kd2 O-O 17. Be3 Qg7 18. f4 b6 19. g4 e6 20. g5 f5 21. gxf6 Rxf6
22. Nxf6+ Qxf6 23. dxe6 Qxe6 24. f5 gxf5 25. Rhg1+ Kh8 26. Rbe1 Qf7 27. Kc2 d5
28. Bf4 h5 29. Be5+ Kh7 30. Rg5 Rg8 31. Rxf5 Rg2+ 32. Rf2+ 1-0

[Event "2nd UNAM Open Section I 2012"]
[Site "Mexico City MEX"]
[Date "2012.11.21"]
[Round "1.9"]
[White "Ramirez Osio, Julio Adrian"]
[Black "Hernandez Carmenate, Holden"]
[Result "0-1"]
[BlackTitle "GM"]
[WhiteElo "2068"]
[BlackElo "2562"]
[WhiteFideId "5117127"]
[BlackFideId "3504387"]
[EventDate "2012.11.21"]

1. d4 Nf6 2. c4 e6 3. Nc3 Bb4 4. e3 O-O 5. Ne2 Re8 6. a3 Bf8 7. g3 d5 8. cxd5
exd5 9. Bg2 a5 10. O-O c6 11. f3 c5 12. Re1 Nc6 13. Na4 b6 14. Qc2 Ba6 15. dxc5
d4 16. Nxb6 d3 17. Qa4 dxe2 18. Qxc6 Ra7 19. b4 Qd3 20. Na4 Re6 0-1

[Event "2nd UNAM Open Section I 2012"]
[Site "Mexico City MEX"]
[Date "2012.11.21"]
[Round "1.10"]
[White "Beltran Medina, Jorge"]
[Black "Hansen, Eric"]
[Result "0-1"]
[BlackTitle "IM"]
[WhiteElo "2057"]
[BlackElo "2539"]
[WhiteFideId "5102430"]
[BlackFideId "2606771"]
[EventDate "2012.11.21"]

1. d4 Nf6 2. c4 g6 3. Nc3 d5 4. Bf4 Bg7 5. e3 O-O 6. cxd5 Nxd5 7. Nxd5 Qxd5 8.
Bxc7 Na6 9. Bxa6 bxa6 10. Nf3 Qb7 11. Bg3 Qxb2 12. O-O Be6 13. Qc1 Qb7 14. Qa3
Bf5 15. Rfc1 Rfc8 16. Nd2 Bf8 17. Nb3 e5 18. Nc5 exd4 19. exd4 Qd5 20. Be5 Rc6
21. Qb3 Qd8 22. Qf3 Rac8 23. Qe3 Qd5 24. Nb3 a5 25. h3 a4 26. Nc5 Bxc5 27. Rxc5
Rxc5 28. dxc5 Re8 29. f4 f6 30. g4 Bd7 31. Qd4 Rxe5 32. Qd3 Re6 0-1

[Event "2nd UNAM Open Section I 2012"]
[Site "Mexico City MEX"]
[Date "2012.11.21"]
[Round "1.12"]
[White "Soto Gonzalez, Fidel"]
[Black "Gonzalez Garcia, Jose"]
[Result "0-1"]
[WhiteTitle "FM"]
[BlackTitle "GM"]
[WhiteElo "2052"]
[BlackElo "2497"]
[WhiteFideId "5102456"]
[BlackFideId "5101174"]
[EventDate "2012.11.21"]

1. e4 c5 2. Nf3 e6 3. d4 cxd4 4. Nxd4 Nc6 5. Be2 Nf6 6. Bf3 Qb6 7. Nb3 d6 8. O-O
Be7 9. Nc3 O-O 10. Be3 Qc7 11. g3 Ne5 12. Be2 a6 13. a4 b6 14. Qd4 Ned7 15. Rad1
Bb7 16. Bg5 h6 17. Be3 Rac8 18. f3 Qb8 19. Qd2 Rfe8 20. Bd3 Bf8 21. Qf2 Nc5 22.
Nd4 d5 23. e5 Qxe5 24. Bf4 Nxd3 25. cxd3 Qh5 26. g4 Qg6 27. Qg3 Bc5 28. Be5 Nd7
29. Kh1 f6 30. Bxf6 Qxf6 31. Nde2 e5 32. h4 Be7 33. h5 Qh4+ 34. Qxh4 Bxh4 35.
Kh2 d4 0-1

[Event "2nd UNAM Open Section I 2012"]
[Site "Mexico City MEX"]
[Date "2012.11.22"]
[Round "2.1"]
[White "Macieja, Bartlomiej"]
[Black "Estrada Nieto, Julian"]
[Result "1-0"]
[WhiteTitle "GM"]
[BlackTitle "IM"]
[WhiteElo "2609"]
[BlackElo "2295"]
[WhiteFideId "1104306"]
[BlackFideId "5101018"]
[EventDate "2012.11.21"]

1. e4 e5 2. Nf3 Nc6 3. Bb5 a6 4. Ba4 Nf6 5. O-O Be7 6. Re1 b5 7. Bb3 d6 8. c3
O-O 9. h3 Na5 10. Bc2 c5 11. d4 Qc7 12. Nbd2 Bd7 13. Nf1 Nc4 14. a4 Rfb8 15. b3
Na5 16. axb5 axb5 17. d5 Nb7 18. Be3 Ra5 19. Ng3 Rba8 20. Rc1 g6 21. b4 Ra3 22.
Bb1 c4 23. Nh2 Ne8 24. f4 exf4 25. Bxf4 Bf6 26. Qd2 Be5 27. Nf3 f6 28. Ne2 Nd8
29. Nxe5 dxe5 30. Bg3 Nf7 31. Rf1 R8a6 32. Qe3 Ra1 33. Kh2 Kg7 34. Ng1 h5 35.
Nf3 Bc8 36. Nd2 Qd7 37. Bh4 g5 38. Bf2 Nh8 39. Qf3 h4 40. Be3 Ng6 41. Qh5 Qe7
42. Nf3 Bd7 43. Rf2 Nd6 44. Bxg5 Nf7 45. Be3 Ra8 46. Nxh4 Nxh4 47. Qxh4 Rh8 48.
Qg3+ Kf8 49. Bc5 Nd6 50. Qg6 1-0

[Event "2nd UNAM Open Section I 2012"]
[Site "Mexico City MEX"]
[Date "2012.11.22"]
[Round "2.2"]
[White "Blanco Fernandez, Alvaro"]
[Black "Quesada Perez, Yuniesky"]
[Result "0-1"]
[WhiteTitle "IM"]
[BlackTitle "GM"]
[WhiteElo "2300"]
[BlackElo "2604"]
[WhiteFideId "3501566"]
[BlackFideId "3504409"]
[EventDate "2012.11.21"]

1. c4 e5 2. Nc3 Nf6 3. e3 Nc6 4. a3 g6 5. g3 Bg7 6. Bg2 O-O 7. Nge2 d6 8. d4
exd4 9. Nxd4 Nxd4 10. Qxd4 Nd7 11. Qd1 Ne5 12. Qc2 Bg4 13. h3 Nf3+ 14. Kf1 Bf5
15. e4 Nd4 16. Qd3 Be6 17. Be3 Nb3 18. Rd1 Na5 19. Nd5 c6 20. b4 Nxc4 21. Qxc4
cxd5 22. exd5 Bd7 23. Bd4 Rc8 24. Qd3 Ba4 25. Re1 Bb5 26. Qxb5 Bxd4 27. Kg1 Rc3
28. Re4 Qf6 29. Rf4 Qe5 30. Kh2 Bxf2 0-1

[Event "2nd UNAM Open Section I 2012"]
[Site "Mexico City MEX"]
[Date "2012.11.22"]
[Round "2.3"]
[White "Ortiz Suarez, Isan Reynaldo"]
[Black "Gonzalez Arroyo, Lenin"]
[Result "1-0"]
[WhiteTitle "GM"]
[BlackTitle "FM"]
[WhiteElo "2595"]
[BlackElo "2254"]
[WhiteFideId "3507165"]
[BlackFideId "5105110"]
[EventDate "2012.11.21"]

1. d4 d5 2. c4 c6 3. Nc3 Nf6 4. e3 g6 5. Nf3 Bg7 6. Be2 O-O 7. O-O Nbd7 8. b4
dxc4 9. Bxc4 Nb6 10. Be2 Nfd5 11. Qb3 Bg4 12. h3 Bxf3 13. Bxf3 Nxc3 14. Qxc3 e5
15. dxe5 Re8 16. Qc2 Bxe5 17. Rb1 a6 18. a4 Qe7 19. Bd2 Red8 20. Rfd1 Qe6 21.
Be2 Bc7 22. e4 Rd4 23. Bd3 Rad8 24. Be3 Qd6 25. Bxd4 Qh2+ 26. Kf1 Rxd4 27. Bxa6
Rxd1+ 28. Rxd1 bxa6 29. Qxc6 Qh1+ 30. Ke2 Qxg2 31. Rd3 Nxa4 32. Rf3 f6 33. Qxf6 1-0

[Event "2nd UNAM Open Section I 2012"]
[Site "Mexico City MEX"]
[Date "2012.11.22"]
[Round "2.6"]
[White "Gonzalez Zamora, Juan Carlos"]
[Black "Bringas Osuna, Ivan Jarek"]
[Result "1-0"]
[WhiteTitle "GM"]
[WhiteElo "2542"]
[BlackElo "2170"]
[WhiteFideId "3507548"]
[BlackFideId "5111315"]
[EventDate "2012.11.21"]

1. d4 Nf6 2. c4 g6 3. Nc3 Bg7 4. e4 d6 5. Nf3 O-O 6. h3 e5 7. d5 a5 8. Bg5 h6 9.
Be3 Na6 10. g4 Kh7 11. Nd2 c5 12. Be2 Ne8 13. h4 f5 14. gxf5 gxf5 15. exf5 Bxf5
16. Nde4 Rb8 17. Ng3 Bd7 18. Qd2 Nf6 19. Bd3+ Kh8 20. Bxh6 Qe7 21. Bg5 Nb4 22.
Be2 e4 23. O-O-O b5 24. h5 Kh7 25. h6 Bh8 26. a3 bxc4 27. Bxc4 Rfc8 28. Rde1 Qf7
29. Ngxe4 Nxe4 30. Rxe4 Bxc3 31. Qxc3 Re8 32. Rxe8 Rxe8 33. axb4 cxb4 34. Bd3+ 1-0

[Event "2nd UNAM Open Section I 2012"]
[Site "Mexico City MEX"]
[Date "2012.11.22"]
[Round "2.8"]
[White "Alvarez Pedraza, Aramis"]
[Black "Garcia Gutierrez, Francisco Javi"]
[Result "1-0"]
[WhiteTitle "GM"]
[WhiteElo "2525"]
[BlackElo "2121"]
[WhiteFideId "3507408"]
[BlackFideId "5100860"]
[EventDate "2012.11.21"]

1. d4 d6 2. Nf3 Nf6 3. c4 Nbd7 4. Nc3 c6 5. Bg5 Qc7 6. e3 e5 7. Be2 Be7 8. O-O
Nf8 9. dxe5 dxe5 10. Qc2 Ng6 11. Nd2 Bd7 12. a3 h6 13. Bxf6 gxf6 14. Bd3 O-O-O
15. Kh1 Kb8 16. Rfd1 Nh4 17. Bf1 f5 18. b4 Rhg8 19. c5 Be6 20. Rab1 Rg7 21. g3
Rxd2 22. Qxd2 Nf3 23. Qb2 Rg4 24. Be2 e4 25. b5 Bc8 26. bxc6 Qxc6 27. Nb5 Bxc5
28. Bxf3 Qe8 29. Ra1 Bf8 1-0

[Event "2nd UNAM Open Section I 2012"]
[Site "Mexico City MEX"]
[Date "2012.11.22"]
[Round "2.9"]
[White "Gonzalez Garcia, Jose"]
[Black "Belmont Hernandez, Andres"]
[Result "1-0"]
[WhiteTitle "GM"]
[WhiteElo "2497"]
[BlackElo "2117"]
[WhiteFideId "5101174"]
[BlackFideId "5100429"]
[EventDate "2012.11.21"]

1. d4 Nf6 2. c4 c5 3. d5 e5 4. Nc3 d6 5. e4 Nbd7 6. Nge2 a6 7. f3 h5 8. h4 Be7
9. Be3 Nf8 10. Qd2 Bd7 11. a4 Ng6 12. g3 Qa5 13. Nc1 Nh7 14. Nb3 Qb4 15. Qc2 Qb6
16. a5 Qc7 17. Na4 Bxa4 18. Rxa4 Rb8 19. Nc1 Nf6 20. Bh3 O-O 21. Nd3 Nd7 22. Ke2
Rfc8 23. b4 Ngf8 24. bxc5 dxc5 25. Rb1 Re8 26. Ra3 Bd6 27. Bd2 g6 28. Rab3 f5
29. Qb2 fxe4 30. fxe4 Nf6 31. Rxb7 Rxb7 32. Qxb7 Qxb7 33. Rxb7 Nxe4 34. Be1 Bb8
35. Rb6 Nd6 36. Rxa6 Nxc4 37. Nxc5 e4 38. Nd7 Be5 39. Rc6 Na3 40. Bb4 Nb5 41.
Nxe5 Rxe5 42. Rc8 Nd4+ 43. Ke3 Nf5+ 44. Bxf5 Kf7 45. Re8 Kxe8 1-0

[Event "2nd UNAM Open Section I 2012"]
[Site "Mexico City MEX"]
[Date "2012.11.22"]
[Round "2.10"]
[White "Gongora Montes, Benjamin"]
[Black "Dobrov, Vladimir"]
[Result "0-1"]
[WhiteTitle "IM"]
[BlackTitle "GM"]
[WhiteElo "2253"]
[BlackElo "2496"]
[WhiteFideId "5102987"]
[BlackFideId "4136594"]
[EventDate "2012.11.21"]

1. e4 c6 2. d4 d5 3. exd5 cxd5 4. Bd3 Nc6 5. Nf3 Bg4 6. c3 Qc7 7. Nbd2 e6 8. Nf1
f6 9. Ne3 Bh5 10. Qe2 O-O-O 11. Bd2 Kb8 12. b4 e5 13. g4 Bxg4 14. Nxg4 e4 15.
Bb5 exf3 16. Qxf3 Bd6 17. a4 Nge7 18. a5 h5 19. Ne3 Bf4 20. h4 a6 21. Bd3 Na7
22. Nf5 Bxd2+ 23. Kxd2 Nxf5 24. Bxf5 Nb5 25. Rhe1 Rd6 26. Re6 Rxe6 27. Bxe6 Rd8
28. Re1 Ka7 29. Qg3 Qc4 30. Qd3 Qc6 31. Bf5 Nd6 32. Re6 g6 33. Bh3 Ne4+ 34. Ke3
Qc7 35. Bg2 g5 36. Ke2 Qf4 37. f3 Qxh4 38. Rxe4 dxe4 39. fxe4 Qh2 40. Kf1 Qf4+
41. Ke2 f5 42. exf5 Re8+ 43. Kd1 Re3 44. Qc4 Qxf5 45. d5 Qb1+ 0-1

[Event "2nd UNAM Open Section I 2012"]
[Site "Mexico City MEX"]
[Date "2012.11.22"]
[Round "2.12"]
[White "Martinez Duany, Lelys Stanley"]
[Black "Rose, Felix"]
[Result "1-0"]
[WhiteTitle "GM"]
[WhiteElo "2463"]
[BlackElo "2115"]
[WhiteFideId "3504727"]
[BlackFideId "5105722"]
[EventDate "2012.11.21"]

1. d4 Nf6 2. Nf3 e6 3. c4 Bb4+ 4. Nbd2 b6 5. e3 Bb7 6. Bd3 O-O 7. O-O d5 8. cxd5
exd5 9. Ne5 Ne4 10. Qc2 Bxd2 11. Bxd2 Nxd2 12. Qxd2 Nd7 13. Nf3 c5 14. Rfc1 c4
15. Bf5 Nf6 16. b3 b5 17. Rab1 Bc8 18. Bc2 Be6 19. Qb4 a6 20. a4 Rb8 21. axb5
axb5 22. Ra1 Re8 23. Ra7 Qb6 24. Rca1 Rec8 25. h3 Qd8 26. Ne5 Nd7 27. Nf3 Qf8
28. Qxf8+ Nxf8 29. b4 f6 30. Kf1 Nd7 31. Ng1 Nb6 32. Ne2 Ra8 33. Nc3 Rxa7 34.
Rxa7 Rb8 35. Ke2 Bd7 36. Kd2 Bc6 37. Bf5 g6 38. Be6+ Kh8 39. Rc7 Be8 40. Bxd5 1-0

[Event "2nd UNAM Open Section I 2012"]
[Site "Mexico City MEX"]
[Date "2012.11.22"]
[Round "3.2"]
[White "Quesada Perez, Yuniesky"]
[Black "Perez Garcia, Rodney Oscar"]
[Result "1-0"]
[WhiteTitle "GM"]
[BlackTitle "IM"]
[WhiteElo "2604"]
[BlackElo "2399"]
[WhiteFideId "3504409"]
[BlackFideId "3500918"]
[EventDate "2012.11.21"]

1. e4 e5 2. Nf3 Nf6 3. Nxe5 d6 4. Nf3 Nxe4 5. Nc3 Nxc3 6. dxc3 Be7 7. Be3 Nc6 8.
Qd2 Be6 9. O-O-O Qd7 10. Kb1 a6 11. h4 h6 12. Nd4 Nxd4 13. Bxd4 Rg8 14. c4 h5
15. Qc3 g6 16. g3 Qc6 17. Rg1 O-O-O 18. b3 d5 19. Bg2 Qe8 20. cxd5 Bxd5 21. Be5
Bc6 22. Rde1 Qd7 23. Bxc6 Qxc6 24. Qxc6 bxc6 25. Bxc7 Rde8 26. Bb6 Bb4 27. Rd1
Re6 28. Be3 Bd6 29. c3 f5 30. Kc2 Bc7 31. Rd2 Rf8 32. Bc5 Rf7 33. b4 f4 34. g4
Rh7 35. f3 Bd8 36. g5 Bc7 37. Rgg2 Rh8 38. Rge2 Rhe8 39. Rxe6 Rxe6 40. Kd1 Be5
41. Re2 Kd7 42. Kc2 1-0

[Event "2nd UNAM Open Section I 2012"]
[Site "Mexico City MEX"]
[Date "2012.11.22"]
[Round "3.3"]
[White "Guerra Mojena, Leandro"]
[Black "Ortiz Suarez, Isan Reynaldo"]
[Result "1-0"]
[WhiteTitle "FM"]
[BlackTitle "GM"]
[WhiteElo "2382"]
[BlackElo "2595"]
[WhiteFideId "3513602"]
[BlackFideId "3507165"]
[EventDate "2012.11.21"]

1. e4 c5 2. Nf3 d6 3. d4 cxd4 4. Nxd4 Nf6 5. Nc3 a6 6. h3 e6 7. g4 h6 8. Bg2 Qc7
9. Be3 b5 10. e5 Bb7 11. exf6 Bxg2 12. Rg1 Bb7 13. fxg7 Bxg7 14. Qd2 Nd7 15.
O-O-O d5 16. Nce2 O-O-O 17. Bf4 Qc4 18. b3 Qc5 19. b4 Qc4 20. Rg3 Nc5 21. Rc3
Ne4 22. Rxc4+ dxc4 23. Qe1 Rd7 24. f3 Ng5 25. h4 Nh7 26. Bh2 Rhd8 27. Qg3 e5 28.
Re1 f6 29. Ne6 Re8 30. Nxg7 Rxg7 31. Ng1 e4 32. fxe4 Rh8 33. Rd1 1-0

[Event "2nd UNAM Open Section I 2012"]
[Site "Mexico City MEX"]
[Date "2012.11.22"]
[Round "3.4"]
[White "Cordova, Emilio"]
[Black "Pacheco, Marco"]
[Result "1-0"]
[WhiteTitle "GM"]
[BlackTitle "FM"]
[WhiteElo "2568"]
[BlackElo "2377"]
[WhiteFideId "3801497"]
[BlackFideId "3800989"]
[EventDate "2012.11.21"]

1. c4 e5 2. g3 Nf6 3. Bg2 Bc5 4. Nc3 Nc6 5. a3 O-O 6. e3 d6 7. Nge2 a6 8. b4 Ba7
9. Bb2 Bf5 10. d3 Re8 11. h3 Qc8 12. g4 Be6 13. Ng3 Ne7 14. Rc1 c6 15. g5 Nd7
16. Nce4 Bb8 17. d4 d5 18. cxd5 Bxd5 19. O-O exd4 20. f4 Ba7 21. Bxd4 Bxd4 22.
Qxd4 Bxe4 23. Bxe4 g6 24. Bg2 Qc7 25. Ne4 Rad8 26. Rfd1 Nf5 27. Qc3 Re6 28. Rd3
Rde8 29. Rcd1 R8e7 30. Qd2 Nf8 31. Nf6+ Rxf6 32. gxf6 Re6 33. e4 Nh4 34. e5 1-0

[Event "2nd UNAM Open Section I 2012"]
[Site "Mexico City MEX"]
[Date "2012.11.22"]
[Round "3.5"]
[White "Gara, Ticia"]
[Black "Hernandez Carmenate, Holden"]
[Result "0-1"]
[WhiteTitle "WGM"]
[BlackTitle "GM"]
[WhiteElo "2377"]
[BlackElo "2562"]
[WhiteFideId "717444"]
[BlackFideId "3504387"]
[EventDate "2012.11.21"]

1. e4 c5 2. Nf3 e6 3. d4 cxd4 4. Nxd4 a6 5. Bd3 g6 6. O-O Bg7 7. Be3 Ne7 8. Nc3
d5 9. exd5 Nxd5 10. Nxd5 Qxd5 11. Be2 O-O 12. c3 Qd8 13. Qd2 Qc7 14. Bh6 e5 15.
Bxg7 Kxg7 16. Nb3 Be6 17. Rfd1 Nd7 18. Qd6 Rfc8 19. Bf3 a5 20. Nc1 Nc5 21. Qxc7
Rxc7 22. Nd3 Na4 23. Re1 Rd8 24. Nxe5 Nxb2 25. a3 Rd2 26. Rab1 Kf6 27. Re3 h5
28. Be2 Na4 29. c4 Rxe2 30. Rxe2 Nc3 31. Rbe1 Nxe2+ 32. Rxe2 b5 33. f4 bxc4 34.
Kf2 c3 35. Rc2 Bf5 36. Rc1 c2 37. Ke2 Rc3 38. Kd2 Rxa3 39. Nc4 Rd3+ 40. Ke2 Rd1 0-1

[Event "2nd UNAM Open Section I 2012"]
[Site "Mexico City MEX"]
[Date "2012.11.22"]
[Round "3.8"]
[White "Verduga Zavala, Denis"]
[Black "Alvarez Pedraza, Aramis"]
[Result "0-1"]
[WhiteTitle "IM"]
[BlackTitle "GM"]
[WhiteElo "2345"]
[BlackElo "2525"]
[WhiteFideId "5100089"]
[BlackFideId "3507408"]
[EventDate "2012.11.21"]

1. e4 c6 2. d3 d5 3. Nd2 g6 4. Ngf3 Bg7 5. g3 e5 6. Bg2 Ne7 7. O-O O-O 8. b4 a5
9. Bb2 d4 10. bxa5 Qxa5 11. a4 c5 12. c3 dxc3 13. Nc4 cxb2 14. Nxa5 bxa1=Q 15.
Qxa1 Rxa5 16. Qc3 Nbc6 17. Rb1 Nb4 18. h4 Nec6 19. Kh2 b6 20. h5 Rxa4 21. hxg6
hxg6 22. Bh3 Ra2 23. Rb2 Nd4 24. Nxd4 exd4 25. Qb3 Rxb2 26. Qxb2 Bxh3 27. Kxh3
Nxd3 0-1

[Event "2nd UNAM Open Section I 2012"]
[Site "Mexico City MEX"]
[Date "2012.11.22"]
[Round "3.9"]
[White "Nakhbayeva, Guliskhan"]
[Black "Gonzalez Garcia, Jose"]
[Result "0-1"]
[WhiteTitle "WIM"]
[BlackTitle "GM"]
[WhiteElo "2334"]
[BlackElo "2497"]
[WhiteFideId "13704788"]
[BlackFideId "5101174"]
[EventDate "2012.11.21"]

1. d4 Nf6 2. c4 e6 3. Nc3 Bb4 4. e3 O-O 5. Bd3 d5 6. Nf3 c5 7. a3 Bxc3+ 8. bxc3
dxc4 9. Bxc4 Qc7 10. Ba2 b6 11. O-O Bb7 12. Re1 Nbd7 13. Bb2 e5 14. c4 e4 15.
Nd2 Rfe8 16. Nf1 Rad8 17. Qc2 Rc8 18. a4 cxd4 19. exd4 Nd5 20. Qd2 Nf4 21. Re3
Nd3 22. Rg3 Nxb2 23. Qxb2 f5 24. c5+ Kh8 25. d5 Nxc5 26. d6 Qd7 27. Qd4 f4 28.
Rh3 Rf8 29. Nd2 Qg4 30. Nc4 Nd7 31. Re1 e3 32. f3 Qg5 33. Bb1 h6 34. Qd3 Nf6 35.
d7 Rcd8 36. Qa3 Rf7 37. Qa1 Rfxd7 38. Ne5 Rd1 39. Nf7+ Kg8 40. Ba2 Rxa1 41. Rxa1
Qc5 42. Nxd8+ Bd5 0-1

[Event "2nd UNAM Open Section I 2012"]
[Site "Mexico City MEX"]
[Date "2012.11.22"]
[Round "3.10"]
[White "Dobrov, Vladimir"]
[Black "Videnova, Iva"]
[Result "1-0"]
[WhiteTitle "GM"]
[BlackTitle "WGM"]
[WhiteElo "2496"]
[BlackElo "2318"]
[WhiteFideId "4136594"]
[BlackFideId "2907763"]
[EventDate "2012.11.21"]

1. d4 Nf6 2. c4 g6 3. g3 Bg7 4. Bg2 d5 5. cxd5 Nxd5 6. e4 Nb6 7. Ne2 c5 8. d5
O-O 9. O-O e6 10. Nec3 exd5 11. exd5 Na6 12. Nd2 Bf5 13. Nde4 Qd7 14. Bh6 Bh3
15. Bxg7 Kxg7 16. Nxc5 Nxc5 17. Qd4+ Kg8 18. Qxc5 Bxg2 19. Kxg2 Rac8 20. Qd4 Rc4
21. Qd2 Rh4 22. f3 Rh5 23. g4 Re5 24. Rfe1 Rfe8 25. Rxe5 Rxe5 26. Qd4 f6 27. Ne4
Kg7 28. g5 Qxd5 29. gxf6+ Kf7 30. Qe3 Nd7 31. Rc1 Nxf6 32. Qf4 Rxe4 33. fxe4 Qd4
34. Qc7+ Ke6 35. Qc4+ Qxc4 36. Rxc4 Kd6 37. e5+ Kxe5 38. Rc7 Kd5 1-0

[Event "2nd UNAM Open Section I 2012"]
[Site "Mexico City MEX"]
[Date "2012.11.22"]
[Round "3.11"]
[White "Della Morte, Pablo"]
[Black "Martinez Duany, Lelys Stanley"]
[Result "1/2-1/2"]
[WhiteTitle "FM"]
[BlackTitle "GM"]
[WhiteElo "2308"]
[BlackElo "2463"]
[WhiteFideId "108448"]
[BlackFideId "3504727"]
[EventDate "2012.11.21"]

1. e4 c5 2. Nf3 g6 3. c4 Bg7 4. d4 Nc6 5. dxc5 Qa5+ 6. Bd2 Qxc5 7. Nc3 Nf6 8.
Be2 O-O 9. O-O Nd4 10. Nxd4 Qxd4 11. Qc2 d6 12. Be3 Qe5 13. Rfd1 Be6 14. Bd4 Qa5
15. b4 Qc7 16. Nd5 Bxd5 17. exd5 a5 18. Rab1 axb4 19. Bxf6 Bxf6 20. Rxb4 Ra7 21.
Qb3 Rfa8 22. a4 Qd7 23. g3 Rxa4 24. Rxb7 Qf5 25. Rb8+ Rxb8 26. Qxb8+ Kg7 27. Qb3
Ra8 28. Qd3 Qe5 29. Qe3 Qb2 30. Qd2 Qb8 31. Kg2 Ra3 32. Qc2 Qa7 33. Rd3 Ra2 34.
Qd1 Qa5 35. h4 h5 36. Bf1 Qb6 37. Rd2 Ra1 38. Qf3 Qb1 39. Qd3 Qb4 40. Qc2 Rb1
41. Rd1 Rb2 42. Qd3 Qa5 43. Qe3 Qa2 44. Re1 Rb3 45. Qe2 Qa3 46. Rd1 Qc5 47. Rd2
Be5 48. Rd1 Qb4 49. Rd2 Rb1 50. Rd1 Rb2 51. Qe3 Rb3 52. Qd2 Qa3 53. Qe2 Qa4 54.
Rd2 Qa1 55. Ra2 Qd4 56. Rd2 Qc5 57. Rd1 Qc8 58. Rd2 f5 59. Qd1 Ra3 60. Qe2 f4
61. Rd3 Rxd3 62. Qxd3 fxg3 1/2-1/2

[Event "2nd UNAM Open Section I 2012"]
[Site "Mexico City MEX"]
[Date "2012.11.22"]
[Round "3.12"]
[White "Otero Acosta, Diasmany"]
[Black "Fernandez, Fernando"]
[Result "1-0"]
[WhiteTitle "IM"]
[WhiteElo "2443"]
[BlackElo "2311"]
[WhiteFideId "3503186"]
[BlackFideId "3802299"]
[EventDate "2012.11.21"]

1. d4 Nf6 2. c4 e6 3. Nf3 d5 4. Nc3 Bb4 5. Bg5 Nbd7 6. cxd5 exd5 7. e3 c5 8. Bd3
Qa5 9. O-O Bxc3 10. bxc3 c4 11. Bf5 Ne4 12. Bh4 Nxc3 13. Qd2 Qa3 14. Rfc1 Ne4
15. Bxe4 dxe4 16. Ng5 Nf6 17. Rxc4 h6 18. Qc2 Bf5 19. Nf3 g5 20. Bg3 O-O 21. Nd2
Rac8 22. h3 Be6 23. Rc5 b6 24. Nxe4 Nxe4 25. Rxc8 Rxc8 26. Qxe4 Qb2 27. Rd1 Qxa2
28. d5 Rd8 29. d6 Qb3 30. Rd4 Qb5 31. Kh2 a5 32. Qb7 Kg7 33. Rd1 Qc5 34. Rb1 a4
35. Rxb6 Rd7 36. Qb8 a3 37. Ra6 Kf6 38. Qh8+ Kg6 39. Be5 Kf5 40. Bd4 Qb5 41. f3
Rd8 42. Rb6 Qxb6 43. Kg1 Rc8 44. Kh2 Rc1 45. Qc8 Rxc8 46. Kg1 Bd5 1-0

[Event "2nd UNAM Open Section I 2012"]
[Site "Mexico City MEX"]
[Date "2012.11.23"]
[Round "4.1"]
[White "Gonzalez Garcia, Jose"]
[Black "Quesada Perez, Yuniesky"]
[Result "1/2-1/2"]
[WhiteTitle "GM"]
[BlackTitle "GM"]
[WhiteElo "2497"]
[BlackElo "2604"]
[WhiteFideId "5101174"]
[BlackFideId "3504409"]
[EventDate "2012.11.21"]

1. d4 Nf6 2. c4 e6 3. Nc3 Bb4 4. e3 O-O 5. Bd3 d5 6. Nf3 c5 7. O-O Nc6 8. a3 Ba5
9. h3 dxc4 10. Bxc4 h6 11. Qd3 cxd4 12. exd4 Bc7 13. Rd1 b6 14. d5 exd5 15. Nxd5
Be6 16. Nxc7 Bxc4 17. Qc2 Qxc7 1/2-1/2

[Event "2nd UNAM Open Section I 2012"]
[Site "Mexico City MEX"]
[Date "2012.11.23"]
[Round "4.3"]
[White "Hernandez Carmenate, Holden"]
[Black "Dobrov, Vladimir"]
[Result "1-0"]
[WhiteTitle "GM"]
[BlackTitle "GM"]
[WhiteElo "2562"]
[BlackElo "2496"]
[WhiteFideId "3504387"]
[BlackFideId "4136594"]
[EventDate "2012.11.21"]

1. d4 Nf6 2. c4 g6 3. Nc3 d5 4. Nf3 Bg7 5. Bg5 Ne4 6. cxd5 Nxg5 7. Nxg5 O-O 8.
Nf3 c5 9. dxc6 Nxc6 10. d5 Qb6 11. Qd2 Rd8 12. e4 f5 13. Bc4 Na5 14. Be2 fxe4
15. Ng5 e6 16. O-O Bxc3 17. Qxc3 exd5 18. Rad1 d4 19. Qa3 Bf5 20. b4 Qf6 21.
Nxe4 Bxe4 22. bxa5 Rac8 23. Bg4 Rc3 24. Qb4 Qd6 25. Qxd6 Rxd6 26. Rd2 Bc2 27.
Rc1 d3 28. Bd1 Kf8 29. f4 Rd4 30. g3 Ra4 31. Bxc2 Rac4 32. Kf2 Rxc2 33. Rd1 Ra4
34. Kf3 Rcxa2 35. Rxd3 R2a3 36. Rxa3 Rxa3+ 37. Ke4 Rxa5 38. Rd7 Rb5 39. Rxh7 a5
40. g4 a4 41. Rh8+ Ke7 42. Ra8 Rb4+ 43. Ke5 Rb5+ 44. Ke4 Rb4+ 45. Ke5 g5 46.
fxg5 Rxg4 47. Kf5 Rh4 48. Ra7 Rxh2 49. Rxb7+ Kd6 50. Ra7 Rf2+ 51. Kg6 Rf4 52.
Kh5 Kc5 53. g6 Kb4 54. Rf7 Rc4 55. g7 Rc5+ 56. Kg4 Rc1 57. Rf4+ Kb5 58. Rf3 Rc8
59. Rf8 Rc1 60. Kf4 Rg1 61. Rf5+ 1-0